| 000 | 00738nam a2200193 i 4500 | ||
|---|---|---|---|
| 001 | 16784 | ||
| 003 | ES-MaACL | ||
| 005 | 20230906151408.0 | ||
| 007 | t| | ||
| 008 | 001106q19601969fr ||||1| spa d | ||
| 080 | _a232.9 | ||
| 100 | 1 |
_aRyner, Han ( _d1861-1938) _9101113 |
|
| 245 | 1 | 0 |
_aHistoricidad de Jesús _b: (conferencia celebrada el 25 de febrero de 1931 en las charlas populares de París, con la contradicción del abate Candillon y la intervención de Lázaro Rachline) / _cHan Ryner ; traducción de Fernando Ferrer. |
| 260 |
_a[Toulouse] : _bCénit, _c[196-?] |
||
| 300 |
_a63 p. ; _c17 cm. |
||
| 600 | 1 | 4 |
_aJesucristo- _xHistoricidad. _966367 |
| 700 | 1 |
_aFerrer, Fernando. _950416 |
|
| 852 |
_aES-MaACL _j2156-F-9 _bR.126951 |
||
| 999 |
_c16784 _d16784 |
||